| 000 | 00592nam a2200193 a 4500 | ||
|---|---|---|---|
| 005 | 20140412111232.0 | ||
| 008 | 050517s19uu xx 00 eng d | ||
| 020 | _a0-394-84447-5 | ||
| 050 |
_aER _bBe35Di 1980 |
||
| 100 | _aBerenstain, Stan | ||
| 245 |
_aB / _cStan and Jan Berenstain. |
||
| 260 |
_aNew York : _bRandom House, _c1980. |
||
| 300 | _a1 v. (unp.) ; ill. | ||
| 520 | _aThe three Bear Detectives search for a dinosaur bone that is missing from the Bear Museum. | ||
| 650 |
_aBeginning word- _xb |
||
| 650 |
_aBears _xFiction |
||
| 650 | _aStories in rhyme | ||
| 999 |
_c102238 _d102238 |
||